| 000 -LEADER | |
|---|---|
| fixed length control field | 00390nam a22001697a 4500 |
| 005 - DATE AND TIME OF LATEST TRANSACTION | |
| control field | 20160629122919.0 |
| 008 - FIXED-LENGTH DATA ELEMENTS--GENERAL INFORMATION | |
| fixed length control field | 160629b xxu||||| |||| 00| 0 eng d |
| 020 ## - INTERNATIONAL STANDARD BOOK NUMBER | |
| ISBN | 0-415-28419-8 |
| 041 ## - LANGUAGE CODE | |
| Language code of text/sound track or separate title | eng |
| 082 ## - DEWEY DECIMAL CLASSIFICATION NUMBER | |
| Item number | 10810 |
| 100 ## - MAIN ENTRY--AUTHOR NAME | |
| Personal name | Hog, Frank and Stanworth John |
| 245 ## - TITLE STATEMENT | |
| Title | Franchising |
| 260 ## - PUBLICATION, DISTRIBUTION, ETC. (IMPRINT) | |
| Name of publisher | Routledge |
| Year of publication | 2003 |
| 300 ## - PHYSICAL DESCRIPTION | |
| Number of Pages | 251 |
| 650 ## - SUBJECT ADDED ENTRY--TOPICAL TERM | |
| Topical Term | Management |
| 942 ## - ADDED ENTRY ELEMENTS (KOHA) | |
| Koha item type | Books |
| Lost status | Damaged status | Collection code | Home library | Current library | Shelving location | Date acquired | Cost, normal purchase price | Full call number | Accession Number | Koha item type |
|---|---|---|---|---|---|---|---|---|---|---|
| LIFE SKILL | JRU Library | JRU Library | SHELF-102-I | 29/06/2016 | 450.00 | 658.872 | 10810 | Books | ||
| LIFE SKILL | JRU Library | JRU Library | SHELF-102-I | 29/06/2016 | 450.00 | 658.872 | 10811 | Books | ||
| LIFE SKILL | JRU Library | JRU Library | SHELF-102-I | 29/06/2016 | 450.00 | 658.872 | 10812 | Books | ||
| LIFE SKILL | JRU Library | JRU Library | SHELF-71-G | 29/06/2016 | 450.00 | 658.872 | 10813 | Books | ||
| LIFE SKILL | JRU Library | JRU Library | SHELF-71-G | 29/06/2016 | 450.00 | 658.872 | 10814 | Books | ||
| LIFE SKILL | JRU Library | JRU Library | SHELF-102-I | 29/06/2016 | 450.00 | 658.872 | 10815 | Books |